Manuel Gregorio Tavárez : (Record no. 110304)

MARC details
000 -LEADER
campo de control de longitud fija 00723cam a2200229Ii 4500
001 - NÚMERO DE CONTROL
campo de control 41056
005 - FECHA Y HORA DE LA ÚLTIMA TRANSACCIÓN
campo de control 20230411085955.0
008 - DATOS DE LONGITUD FIJA--INFORMACIÓN GENERAL
campo de control de longitud fija 771018s1960 pr cg b 000 0dspa d
035 ## - NÚMERO DE CONTROL DEL SISTEMA
Número de control de sistema (OCoLC)ocm03349752
040 ## - FUENTE DE CATALOGACIÓN
Centro catalogador/agencia de origen LUU
Centro/agencia transcriptor LUU
Centro/agencia modificador OCL
-- OCLCQ
035 ## - NÚMERO DE CONTROL DEL SISTEMA
Número de control de sistema (OCoLC)3349752
090 ## - LOCALMENTE ASIGNADO TIPO-LC NÚMERO DE CLASIFICACIÓN (OCLC); NÚMERO DE CLASIFICACIÓN LOCAL (RLIN)
Número de clasificación (OCLC) (R) ; Numero de clasificación, CALL (RLIN) (NR) ML410.T158
Número cutter local (OCLC) ; Número de libro/Signatura topográfica íntegra, CALL (RLIN) V4
049 ## - FONDOS LOCALES (OCLC)
Biblioteca depositaria GRAL
100 1# - ENTRADA PRINCIPAL--NOMBRE DE PERSONA
Nombre de persona Veray, Amaury.
245 10 - MENCIÓN DEL TÍTULO
Título Manuel Gregorio Tavárez :
Resto del título soledad y plenitude /
Mención de responsabilidad, etc. Amaury Veray.
260 ## - PUBLICACIÓN, DISTRIBUCIÓN, ETC.
Lugar de publicación, distribución, etc. [San Juan de P.R.] :
Nombre del editor, distribuidor, etc. Ateneo puertorriqueno,
Fecha de publicación, distribución, etc. 1960.
300 ## - DESCRIPCIÓN FÍSICA
Extensión 98 p. :
Otras características físicas music, port. ;
Dimensiones 22 cm.
504 ## - NOTA DE BIBLIOGRAFÍA, ETC.
Nota de bibliografía, etc. Includes bibliographical references (p. 97-98).
600 10 - PUNTO DE ACCESO ADICIONAL DE MATERIA--NOMBRE DE PERSONA
Nombre de persona Tavâarez, Manuel G.
Forma completa/desarrollada del nombre (Manuel Gregorio),
Fechas asociadas al nombre 1843-1883.
942 ## - ELEMENTOS DE ENTRADA SECUNDARIOS (KOHA)
Fuente del sistema de clasificación o colocación Clasificación de Library of Congress
Tipo de ítem Koha
994 ## -
-- C0
-- DRFGD
Holdings
Estatus retirado Estado de pérdida Fuente del sistema de clasificación o colocación Estado de daño No para préstamo Colección Biblioteca de origen Biblioteca actual Ubicación en estantería Fecha de adquisición Código de barras Visto por última vez Copia número Tipo de ítem Koha
    Clasificación de Library of Congress     Automatización y Procesos Técnicos Biblioteca Juan Bosch Biblioteca Juan Bosch Automatización y Procesos Técnicos (1er. Piso) 11/04/2023 00000042171 17/02/2019 1